00906 2200325 4500001002100000005001500021035002000036007000300056040001700059100002700076245005700103250001200160300003400172020002200206041000800228082001400236084002000250090002600270264003400296336002100330337003000351338002300381650001500404700004100419850001000460008004100470990002300511990002300534990002300557INLIS00000000000833320260526105344 a0010-0922000822ta aSBPUPADbind1 aEmmons, RonePengarang1 aTOP 10 Bangkok /cRon Emmons; editor, Shelomi Angeli a.-Cet.6 a128 hlm :bilus ;c10 x 19 cm a978-979-075-095-117aInd a910.359.3 a910.359.3 EMM t a910.359.3 EMM t L25-4 a.--Jakarta :bErlangga,c2008 2rdacontentateks 2rdamediaatanpa perantara 2rdacarrieravolume 4aPariwisata0 aPenerjemah, Soni AstrantoePengarang aPUPAD260526 0  a17241/BR-KAPD.2012 a17242/BR-KAPD.2012 a17244/BR-KAPD.2012